000 00527 a2200193 4500
001 130734
020 _a85-02-01201-0
040 _cLeonardo Da Vinci
041 _aPortuguês
082 _a346.07 S116r
_bS116r
100 _aSAAD, Ricardo Nacim
245 _aRepresentação comercial
250 _a2.ed
260 _bSaraiva
_c1998
_aSão Paulo
300 _a103
362 _a19980000
697 _aDireito
_aDireito Comercial
_aLegislação
_aLeis
_aRepresentante comercial
_aEstatuto legal
_aBrasil
_aFIPEN
942 _cBK
999 _c130734
_d130734